|
|
|
|
| LEADER |
00000nam a22000007a 4500 |
| 005 |
20151029115229.0 |
| 007 |
cr|||| ||u| |
| 008 |
151029s2009 bl |||||||||| 00||0 por d |
| 020 |
|
|
|a 978-85-361-1384-5
|
| 035 |
|
|
|a 12821
|
| 040 |
|
|
|a vLex
|
| 090 |
|
|
|c 5628
|d 5628
|
| 100 |
1 |
|
|a Martins Filho, Ives Gandra
|
| 245 |
1 |
0 |
|a Processo coletivo do trabalho
|h [Recurso electrn̤ico] /
|c Ives Gandra Martins Filho
|
| 256 |
|
|
|a Servicio en ln̕ea
|
| 260 |
|
|
|a Sô Paulo
|b LTR Editora
|c 2009
|
| 300 |
|
|
|a 1 recurso electrn̤ico
|
| 500 |
|
|
|a Trata-se de obra que, aprofundando-se na natureza do Poder Normativo da Justiȧ do Trabalho, busca conjugar e sistematizar as normas processuais aplicv̀eis s̉ aė̳s coletivas, cuja escassez enseja notv̀el flexibilidade ao Processo Coletivo do Trabalho, mormente aps̤ a revogaȯ̂ da Instruȯ̂ Normativa n. 4/TST e a promulgaȯ̂ da Emenda Constitucional n. 45/04, que condicionou a instauraȯ̂ da instńcia judicial coletiva ao comum acordo das partes litigantes. A par das disposiė̳s legais e regimentais de cunho processual, tambm̌ ̌apreciado na obra o fruto da jurisdiȯ̂ normativa das Cortes Laborais, contemplando-se as soluė̳s mais comuns aos conflitos coletivos, em termos de estabelecimento de condiė̳s melhores de trabalho e remuneraȯ̂. Finalmente, o tema das aė̳s coletivas lato sensu ̌focado quanto ̉aȯ̂ civil pb︢lica, que constitui ainda matřia de notv̀eis controvřsias em nossas Cortes Laborais.
|
| 506 |
1 |
|
|a Contenido solo disponible en los productos indicados
|d vLex Global
|d vLex Global (Academic Edition, excluding Law Schools)
|d vLex Global (U.S. Academic Edition, Law Schools)
|d vLex Global (U.S. Academic Edition, excluding Law Schools)
|d vLex Global (Academic Edition, Law Schools)
|
| 650 |
0 |
4 |
|a Derecho pb︢lico
|z Brasil
|
| 740 |
0 |
|
|a vLex libros (servicio en ln̕ea)
|
| 856 |
|
|
|u http://vlex.com/source/processo-coletivo-do-trabalho-12821/info
|z Acceso restringido
|
| 942 |
|
|
|c BOOK
|
| 999 |
0 |
|
|a Public law
|